Las 10 ciudades más populares para comprar bienes raíces - Provincias - Estadísticas

Estadísticas generales
  • Esta prueba ha sido intentada 12 veces
  • La puntuación promedio es 13 de 20
Estadísticas de respuestas
Hint Respuesta % Correcto
Barcelona
100%
Barcelona
100%
Barcelona
100%
Localidad Madrid
100%
Provincia Madrid
100%
S/C de Tenerife
100%
S/C de Tenerife
100%
Sevilla
91%
Sevilla
91%
València
91%
València
91%
Zaragoza
64%
Zaragoza
64%
Las Palmas
45%
A Coruña
18%
A Coruña
18%
Gijón
18%
Asturias
9%
Las Palmas de Gran Canaria
9%
Santa Coloma de Gramenet
0%
No se encontraron pruebas coincidentes
Distribución de puntuación
Porcentaje de gente con cada puntuación
Porcentaje por número respondido
Historial de tus puntuaciones
No has intentado esta prueba.